[Event "Jaffna op"]
[Site "Jaffna"]
[Date "2023.12.10"]
[Round "5"]
[White "Manuwaruna, Sethun Neththaru"]
[Black "Jyothilal, Narayanan"]
[Result "0-1"]
[WhiteElo "1477"]
[BlackElo "2055"]
[PlyCount "90"]
[EventDate "2023.12.08"]
[EventType "swiss"]
[EventRounds "10"]
[EventCountry "SRI"]
[SourceTitle "CB51_2023"]
[SourceDate "2023.12.20"]
[SourceVersion "1"]
[SourceVersionDate "2023.12.20"]
[SourceQuality "1"]

1. Nf3 d5 2. g3 c5 3. Bg2 Nc6 4. 0-0 Nf6 5. d3 e6 6. Nbd2 Be7 7. c3 0-0 8. e4 dxe4 9. dxe4 b6 10. Qe2 Bb7 11. e5 Nd5 12. Ne1 a5 13. f4 Ba6 14. c4 Rc8 15. Qe4 Nd4 16. cxd5 exd5 17. Qxd5 Ne2+ 18. Kh1 Qxd5 19. Bxd5 Rcd8 20. Bc4 Bxc4 21. Nxc4 Rd1 22. Nxb6 Rfd8 23. Nc4 a4 24. b3 axb3 25. axb3 Rxc1 26. Nf3 Rc3 27. Nfd2 h5 28. Rf3 Rc2 29. Ra7 Bf8 30. Rf2 Nc1 31. Rb7 Nd3 32. Rf1 Nb2 33. f5 Nxc4 34. Nxc4 Ra8 35. Re1 Raa2 36. e6 Rxh2+ 37. Kg1 Rhg2+ 38. Kh1 fxe6 39. fxe6 Rge2 40. Rxe2 Rxe2 41. Rb6 Be7 42. Kg1 g5 43. Kf1 Re4 44. Kf2 g4 45. Ne3 Re5 0-1